000 00611nam a22002297a 4500
001 00028911
005 20260425110916.0
008 260425b ag ||||| |||| 00| 0 spa d
020 _a8441303215
040 _aAR-CcCEOS
_bspa
_cAR-CcCEOS
041 _aspa
080 _a94:7(450)
090 _bHAL v.2
100 1 _aHale, John R.,
_d1951-
_91135
245 _aEl renacimiento :
_bVolumen II /
_cJohn R. Hale
264 _aBarcelona :
_bFolio,
_c1996.
300 _a185 p. ;
_c24x18 cm.
490 _vAtlas culturales del mundo
650 0 _ahistoria
_990
655 0 _aarte
_9138
942 _2udc
_cBK
_n0
999 _c28963
_d28963